|
|
|
|
| LEADER |
00000nam a2200000 a 4500 |
| 001 |
vtls010272481 |
| 003 |
SK-MaSNL |
| 005 |
20260302011726.0 |
| 008 |
240314s2008 xr o g e 001 0dcze |
| 020 |
|
|
|a 9788020418111
|q (viaz.)
|
| 040 |
|
|
|a SNK
|b slo
|c SNK
|e AACR2
|
| 041 |
1 |
|
|a cze
|h eng
|
| 044 |
|
|
|a xr
|c CZ
|
| 072 |
|
7 |
|a 791
|x Film. Cirkus. Ľudová zábava
|2 konspekt
|
| 080 |
|
|
|a 82-995-051
|2 2001
|
| 080 |
|
|
|a 791-5
|2 2001
|
| 080 |
|
|
|a 791.221.5:343.321
|2 2001
|
| 080 |
|
|
|a (031)
|2 2001
|
| 100 |
1 |
|
|a Cork, John
|4 aut
|9 652580
|
| 240 |
1 |
0 |
|a 007 James Bond encyclopedia
|l Česky
|
| 245 |
1 |
0 |
|a James Bond encyklopedie
|c John Cork a Collin Stutz ; [z anglického originálu přeložili Jaroslav Kubrycht a Jiří Laštůvka]
|
| 246 |
1 |
8 |
|a Encyklopedie James Bond - 007
|
| 250 |
|
|
|a 1. čes. vyd.
|
| 260 |
|
|
|a Praha
|b Mladá fronta
|c 2008
|
| 300 |
|
|
|a 319 s.
|b ilustr., portréty
|c 31 cm
|
| 650 |
0 |
7 |
|a Bond, James (fiktívna postava)
|2 SNKPH
|9 202542
|
| 650 |
0 |
7 |
|a filmové postavy
|2 SNKPH
|9 89979
|
| 650 |
0 |
7 |
|a špionážne filmy
|2 SNKPH
|9 86272
|
| 650 |
0 |
7 |
|a Bond, James (fictitious character)
|2 SNKPHeng
|9 652581
|
| 650 |
0 |
7 |
|a Film characters
|2 SNKPHeng
|9 313297
|
| 650 |
0 |
7 |
|a Spy films
|2 SNKPHeng
|9 652582
|
| 655 |
|
7 |
|a encyklopédie
|2 SNKPH
|9 28776
|
| 655 |
|
7 |
|a Encyclopedias
|2 SNKPHeng
|9 90422
|
| 700 |
1 |
|
|a Stutz, Collin
|4 aut
|9 652583
|
| 700 |
1 |
|
|a Kubrycht, Jaroslav
|4 trl
|9 652584
|
| 700 |
1 |
|
|a Laštůvka, Jiří
|4 trl
|9 652585
|
| 919 |
|
|
|a 978-80-204-1811-1
|
| 999 |
|
|
|c 1007169
|d 1009099
|
| 952 |
|
|
|t snkCOR 791(031)
|a SNKUST
|b SNKUST
|y PREZ
|7 0
|p 17A0644988
|o snkIB 72423
|i snk2011/9061
|8 3
|g 25.00
|0 0
|1 0
|4 0
|d 2011-04-19
|l 0
|r 2025-04-30 00:00:00
|w 2026-02-24
|